000 01124 a2200229 4500
005 20080911114110.0
008 080911t xxu||||| |||| 00| 0 hin d
010 _aHIN-79633
020 _a8121602335
_c75.00
035 _aHN-51979
037 _bD.B.Act / pub
082 _a230.23
100 _aश्रीमाली,नारायण दत्त
245 _aतन्त्र साधनाएं
_cनारायण दत्त श्रीमाली
246 _aTantra Sadhnayen
_bby Narayan Datt Shrimali
260 _aनई दिल्ली
_bहिन्द पॉकेट बुक्स
_c2006
270 _aजे-40,जोरबाग लेन,
_bनई दिल्ली
_e110 003
300 _a144पृ
_c22 सेमी (अजिल्द)
650 _aBook of Tantra
942 _adpl
_cHN
_k230.23 / श्रीमाली
_2ddc
_h230.23
_mश्रीमाली
999 _c3343
_d3343